Bai hua wen xue shi / (Record no. 12877)

MARC details
000 -LEADER
fixed length control field 00808cam a22002411i 4500
001 - CONTROL NUMBER
control field c 66000700
003 - CONTROL NUMBER IDENTIFIER
control field DLC
005 - DATE AND TIME OF LATEST TRANSACTION
control field 20260227111035.0
008 - FIXED-LENGTH DATA ELEMENTS--GENERAL INFORMATION
fixed length control field 980720s1964 ch 000 0 chi
010 ## - LIBRARY OF CONGRESS CONTROL NUMBER
LC control number c 66000700
035 ## - SYSTEM CONTROL NUMBER
System control number (CStRLIN)DCLP98-B10358
040 ## - CATALOGING SOURCE
Original cataloging agency DLC
Transcribing agency DLC
Modifying agency DLC-R
-- CStRLIN
-- DLC
050 00 - LIBRARY OF CONGRESS CALL NUMBER
Classification number PL2264
Item number .H8 1964
066 ## - CHARACTER SETS PRESENT
Alternate G0 or G1 character set $1
100 1# - MAIN ENTRY--PERSONAL NAME
Linkage 880-01
Personal name Hu, Shi,
Dates associated with a name 1891-1962.
245 10 - TITLE STATEMENT
Linkage 880-02
Title Bai hua wen xue shi /
Statement of responsibility, etc. Hu Shi zhu.
260 ## - PUBLICATION, DISTRIBUTION, ETC.
Linkage 880-03
Place of publication, distribution, etc. Taibei :
Name of publisher, distributor, etc. Wen guang tu shu gong si,
Date of publication, distribution, etc. Min guo 53 [1964]
300 ## - PHYSICAL DESCRIPTION
Extent 12, 13, 5, 336 p. ;
Dimensions 21 cm.
650 #0 - SUBJECT ADDED ENTRY--TOPICAL TERM
Topical term or geographic name entry element Chinese literature
General subdivision History and criticism.
880 1# - ALTERNATE GRAPHIC REPRESENTATION
Linkage 100-01/$1
a 胡適,
d 1891-1962.
880 10 - ALTERNATE GRAPHIC REPRESENTATION
Linkage 245-02/$1
a 白話文學史 /
c 胡適著.
880 ## - ALTERNATE GRAPHIC REPRESENTATION
Linkage 260-03/$1
a 台北 :
b 文光圖書公司,
c 民國53 [1964]

No items available.

Powered by Koha